[Event "Helsingor Jubilee"]
[Site "Helsingor"]
[Date "1999.10.25"]
[Round "6"]
[White "Hector, Jonny"]
[Black "Andersson, Ulf"]
[Result "1/2-1/2"]
[WhiteElo "2505"]
[BlackElo "2623"]
[Annotator "Hansen,SB"]
[PlyCount "222"]
[EventDate "1999.10.19"]
[EventType "tourn"]
[EventRounds "6"]
[EventCountry "DEN"]
[EventCategory "13"]
[SourceTitle "CBM 074"]
[Source "ChessBase"]
[SourceDate "2000.02.01"]
[SourceVersion "1"]
[SourceVersionDate "2000.02.01"]
[SourceQuality "1"]

{[%mdl 4104]} 1. e4 {Hecht} c5 2. Nf3 Nc6 3. d4 cxd4 4. Nxd4 Nf6 5. Nc3 e5 6.
Ndb5 h6 {Anderssons pet-line it is offcourse designed to remove the queens at
once! And even though it seems better for white this might not be the case
against Andersson!} 7. Nd6+ Bxd6 8. Qxd6 Qe7 9. Nb5 {Hector came prepared.}
Qxd6 10. Nxd6+ Ke7 11. Nf5+ Kd8 12. Be3 $1 $146 d5 13. Nd6 Kc7 14. Nb5+ Kb8 15.
exd5 Nxd5 16. Bc4 (16. Bc5 b6 17. Bd6+ Kb7 18. g3 $16 {Seems more to the point.
}) 16... Nxe3 17. fxe3 a6 18. Nc3 f6 {Status is white is more active and has
the initiative - black has the superior pawnstructure, what count's for most?}
19. O-O-O Ne7 20. Rd3 $1 Kc7 21. Nd5+ Nxd5 22. Bxd5 Ra7 $6 23. Rc3+ Kb8 24. a4
Rd8 25. Rd1 b5 {Black has to worsen his struture to liberate the rook.} 26.
axb5 axb5 27. Rdd3 {White is clearly better he has a clear objective to attack
the b-pawn.} Rc7 28. Rb3 Rc5 29. e4 Rd7 30. Ra3 Ra7 31. Rxa7 Kxa7 32. Ra3+ Kb6
33. Ra8 Ba6 $6 (33... f5 $1) 34. Rg8 Rc7 35. b4 $16 Ka7 36. Ra8+ Kb6 37. Rd8
Ka7 {Black can only wait and see what white can come up with.} 38. Kd2 Kb6 39.
c3 Ka7 40. Rd6 Bb7 41. Kd3 Ba6 42. Bc6 {Every grandmaster enjoys these
positions where there's no counterplay for the opponent in sight and you can
try different piece setups until he/she get's desperate.} Rc8 43. g4 Rc7 44.
Bd7 Kb7 45. Rd5 Kb6 46. h3 Ra7 47. Be8 Rc7 48. h4 Rc8 $6 (48... Re7 {I think
black should have his rook here to avoid losing the e-pawn. Then he can make
waiting moves with the other pieces.}) 49. Rd6+ Ka7 50. Bc6 Rc7 51. Bd5 Bc8 $6
52. Bc6 Ba6 53. Kd2 Kb6 54. Bd5+ Ka7 55. g5 $1 fxg5 56. hxg5 hxg5 57. Re6 {
White is as good as winning now.} g4 58. Rxe5 g6 59. Rg5 Rg7 60. Be6 $6 {
From a practical viewpoint this is imprecise or in other words every russian
schoolboy knows: activate the king!} (60. Ke3 $1) 60... g3 61. Ke3 g2 62. Kd4
Bb7 63. Rxg2 g5 64. Bd5 g4 65. Kc5 Rg5 66. Rg3 Bxd5 67. exd5 Kb7 68. Kxb5 Rxd5+
69. Kc4 Rg5 {Hecht: '[#] Der von hinten gedeckte schwarze Freibauer bietet
ausreichende Kompensation für die verbundenen weißen Freibauern. Er bindet
entweder den Turm oder den König, so dass das für den Gewinn notwendige
Zusammenspiel von Turm und König nicht stattfindet. '} 70. Kd4 {this
rookending must be winning but it's not that easy.} Rg8 71. c4 Kc6 72. Ke4 Rb8
73. Rb3 g3 74. Kf3 Rg8 75. Rb2 Rg7 76. Re2 Rb7 77. Rb2 Rg7 $1 78. Kg2 Rg4 79.
Rc2 Rg8 80. Rc1 Rg7 81. Rh1 Rg4 82. Rc1 Rg7 83. Rc3 Rg4 84. Rc2 Rg8 85. Kf3 Rg7
86. Ra2 Rg8 87. Re2 Rb8 88. Rb2 Rg8 89. Rc2 Rg7 90. Kg2 Rg4 91. Rc1 Rg8 92. Rc3
Rg4 93. Rc1 Rg8 94. Rc2 Rg7 95. Kf3 Rg8 96. Ra2 Rb8 97. Ra6+ Kd7 98. Ra4 Rg8
99. Ra7+ Kd6 100. Kg2 Rg4 $1 101. c5+ Kc6 102. Ra6+ Kb7 103. Rb6+ Kc7 104. b5
Rg5 105. Rc6+ Kb7 106. Kf1 g2+ 107. Kg1 Kb8 {'!' Hecht. Hecht: 'Der klare
Remisweg.'} ({Interessant für den Analytiker wäre:} 107... Rd5 {Hecht} 108.
Kxg2 Rd2+ {Wird der Angriff auf den Bc5 aufrechterhalten, so wandert der weiße
König gewinnbringend nach a5.} 109. Kf3 Rb2 110. Rb6+ Kc7 111. Ke4 Rb1 112. Kd5
Rd1+ 113. Ke6 Re1+ 114. Kf6 Rf1+ 115. Ke7 Rb1 116. Rc6+ Kb7 117. Kd6 $1 Rd1+ $1
$11 (117... Rxb5 $2 118. Rc7+ Kb8 119. Rh7 Rb1 120. Rh8+ Ka7 121. c6 Rd1+ 122.
Kc7 Rg1 123. Kc8 $1 Kb6 124. c7 Rg7 125. Rh6+ Ka7 126. Rc6 $18 {[%cal Rc8d8]}))
108. b6 Kb7 109. Rc7+ Kb8 110. c6 Rg6 $1 111. Rb7+ Kc8 {Excellent endgame play
by Andersson!} 1/2-1/2

[Event "EU-Cup 30th"]
[Site "Bilbao"]
[Date "2014.09.18"]
[Round "5.2"]
[White "Shirov, Alexei"]
[Black "Timofeev, Artyom"]
[Result "1-0"]
[WhiteElo "2701"]
[BlackElo "2598"]
[Annotator "Havasi,G"]
[PlyCount "99"]
[EventDate "2014.09.14"]
[EventType "team-swiss"]
[EventRounds "7"]
[EventCountry "ESP"]
[SourceTitle "CBM 163"]
[Source "ChessBase"]
[SourceDate "2014.11.11"]
[SourceVersion "1"]
[SourceVersionDate "2014.11.11"]
[SourceQuality "1"]
[WhiteTeam "Malachite Sverdlovsk Region"]
[BlackTeam "Kazan Ladya"]
[WhiteTeamCountry "RUS"]
[BlackTeamCountry "RUS"]

1. e4 c5 2. Nf3 Nc6 3. d4 cxd4 4. Nxd4 Nf6 5. Nc3 e5 6. Ndb5 d6 7. Bg5 a6 8.
Na3 b5 9. Nd5 Be7 10. Bxf6 Bxf6 11. c4 $5 {This move is an interesting try to
avoid the complications of the 11.c3 line and get a non-theoretical position.}
b4 12. Nc2 O-O (12... a5 {and}) (12... Rb8 {are similar.}) 13. g3 ({It is also
possible to start with} 13. h4 {in order to avoid Bg5.}) 13... Bg5 ({Shirov
won another nice game, but his opponent played} 13... a5 14. Bg2 (14. h4 {
is another line}) 14... Be6 15. h4 Bxd5 16. cxd5 Nb8 17. Ne3 Na6 18. Rc1 Rc8
19. O-O Rxc1 20. Qxc1 Nc5 21. Nc4 g6 22. Qe3 Kg7 23. f4 $1 exf4 24. gxf4 Bxh4
25. e5 Be7 26. f5 $40 {Shirov-Mista, Warsaw 2011}) 14. h4 (14. Bg2 {is another
line.}) 14... Bh6 15. Bh3 {The idea of this line is to keep f5 under control.}
Be6 16. Kf1 $1 {The K goes to g2 to castle artificially.} Qa5 {Black places
his Q on c5, which is a very nice square for it.} (16... a5 17. Kg2 Qb8 18. b3
Qa7 19. Qd3 Kh8 20. Rad1 $14 {Delchev-Drenchev, Skopje 2012}) 17. Kg2 Qc5 18.
b3 Ra7 (18... a5 19. Qd3 a4 20. Bf5 $1 $14 {Rasulov-Mista, Plovdiv 2012}) 19.
Qd3 a5 20. Rad1 ({1 year ago Shirov played} 20. Rhf1 {, but after} Bxd5 21.
exd5 Ne7 22. a3 bxa3 (22... Rfa8 23. Ra2 $1 $14 {/\ Rfa1}) 23. Rxa3 (23. Nxa3
$1 $14) 23... g6 24. Rfa1 Rfa8 25. Rxa5 Rxa5 26. b4 Qc7 27. bxa5 Rxa5 28. Rxa5
Qxa5 $11 {The position was about equal Shirov-Krasenkow, Jurmala 2013.}) 20...
a4 21. Rhe1 $146 {This is the first novelty in the game. White prepares Re2
with this move, as the rook will be very useful on e2.} (21. g4 f6 22. a3 Bxd5
23. exd5 axb3 24. axb4 Nxb4 25. Nxb4 Qxb4 26. g5 fxg5 27. Be6+ Kh8 28. hxg5 Ra2
29. Rdf1 Qb6 30. gxh6 Raxf2+ 31. Kh3 $13 {with a very complicated position in
Andriasian-Timofeev, Belgorod 2010.}) 21... axb3 ({If Black had waited, White
would have played} 21... Rb7 22. Bf5 $14) 22. axb3 Ra2 23. Re2 {This move is
logical, but it isn't exact.} (23. Ra1 $1 {was better} Rb2 24. Reb1 Rxb1 25.
Rxb1 Kh8 (25... Bxh3+ 26. Kxh3 Qxf2 27. Ncxb4 Nd4 28. Ne7+ Kh8 29. Rf1 Qb2 30.
Nf5 Nxf5 31. Rxf5 $14) 26. Rd1 $14) 23... Bxd5 24. Qxd5 Qxd5 $6 {But Black
misses it.} (24... Na5 $1 25. Qd3 Nb7 $11) 25. exd5 $6 (25. Rxd5 $14 {was much
more logical, I don't understand how Shirov could have missed it.}) 25... Na5 (
25... Nb8 $1 {followed by Na6 is even slightly better for Black.}) 26. Rb1 Nb7
$6 (26... f5 $1 {restricting the B.}) 27. Kf1 (27. Bg4 {was a bit more exact}
f5 28. Nxb4 Rd2 $1 {It seems like this counterblow finishes the game, but
there is another counterblow} 29. f4 $1 Rxe2+ 30. Bxe2 exf4 31. Nc6 $14) 27...
Nc5 (27... Rfa8 $1 28. Nxb4 Rxe2 29. Kxe2 Nc5 $44) 28. Nxb4 Rxe2 29. Kxe2 Rb8
$6 (29... Ra8 $1 {Not allowing the N to go away from b4.}) 30. Nd3 $6 (30. Nc6
$1 Rxb3 31. Rxb3 Nxb3 32. Ne7+ Kf8 33. Nc8 Bd2 34. Nxd6 Bb4 35. Ne4 $14 {
Black has some drawing chances, but with the Ns on the board it isn't a dead
draw.}) 30... Ne4 31. Rb2 Nc3+ 32. Kf1 g6 (32... e4 $1 33. Nf4 g6 $1 {/\ Bg7})
33. b4 f5 $6 {But this is a mistake. The point of 2...g6 wasn't f5, but Bg7.} (
33... e4 $1 34. Nf4 Bg7 $11) 34. Rc2 $6 (34. b5 $1 e4 35. Nb4 $16) 34... e4 35.
Nf4 Bxf4 36. gxf4 Na4 37. c5 (37. b5 Rc8 $44) 37... dxc5 $4 {But this is
losing.} (37... Rxb4 $1 38. cxd6 Kf7 $11 {was equalising.}) 38. bxc5 $18 Rb5
39. c6 Rxd5 40. c7 Nb6 41. Ke1 Kf7 42. Bf1 Ke7 43. c8=Q Nxc8 44. Rxc8 Rd7 45.
h5 Ra7 46. h6 Ra1+ 47. Ke2 Ra3 48. Rc7+ Kf6 49. Rxh7 Rf3 50. Rh8 1-0

[Event "RUS-ch51"]
[Site "St Petersburg"]
[Date "1998.08.06"]
[Round "10"]
[White "Korneev, Oleg"]
[Black "Iskusnyh, Sergei"]
[Result "1-0"]
[WhiteElo "2600"]
[BlackElo "2455"]
[Annotator "Hecht,H"]
[PlyCount "111"]
[EventDate "1998.07.28"]
[EventType "swiss"]
[EventRounds "11"]
[EventCountry "RUS"]
[SourceTitle "CBM 067"]
[Source "ChessBase"]
[SourceDate "1998.11.30"]
[SourceVersion "2"]
[SourceVersionDate "1998.11.01"]
[SourceQuality "1"]

1. e4 c5 2. Nf3 Nc6 3. d4 cxd4 4. Nxd4 Nf6 5. Nc3 e5 6. Ndb5 d6 7. Bg5 a6 8.
Na3 b5 9. Bxf6 gxf6 10. Nd5 Bg7 11. Bd3 Ne7 12. Nxe7 Qxe7 13. O-O f5 14. c3 O-O
15. Nc2 Rb8 16. exf5 e4 17. Re1 d5 18. Bf1 Qe5 19. a3 Rb6 20. Ne3 Rd8 21. Qg4
Rg6 22. Qh4 Rgd6 23. Qg3 Qxg3 24. hxg3 d4 25. cxd4 Rxd4 26. b3 Rd2 27. Rab1 Ra2
28. Red1 Rdd2 29. Rbc1 Bd7 30. Rxd2 Rxd2 31. Rc7 Be5 32. Ra7 Rd6 33. g4 Kg7 34.
Ra8 h6 35. g3 Bd4 36. Bg2 Bxe3 37. fxe3 Rd3 38. Rxa6 Rxe3 39. Kf2 Rxb3 40. Bxe4
{[#] Plötzlich sieht sich Schwarz einem veritablen Mattangriff gegenüber.} Rb2+
(40... Kf8 41. f6 Be8 42. Ra8 Rc3 43. Bf5 Rc7 44. Ke3 $18 {[%cal Ye3d4,Yd4d5,
Yd5d6]}) (40... f6 41. Ra7 $18) (40... Rc3 41. f6+ Kf8 42. Ra8+ Rc8 43. Rxc8+
Bxc8 44. Bc6 Ba6 45. Ke3 $18) 41. Ke3 Rb3+ 42. Kd4 h5 43. g5 Bxf5 44. Bxf5 Rxg3
45. Bd3 {Der Rest ist Technik} h4 46. Rh6 Rg4+ 47. Kc3 Ra4 48. Kb3 Rg4 49. Bc2
Rg3+ 50. Kb4 Rg4+ 51. Ka5 b4 52. Rh7+ Kg8 53. axb4 Rxg5+ 54. b5 Rc5 55. Be4 f5
56. Rxh4 1-0

[Event "Dresden zt 1.2"]
[Site "Dresden"]
[Date "1998.04.29"]
[Round "2"]
[White "Lutz, Christopher"]
[Black "Nedev, Trajce"]
[Result "1/2-1/2"]
[WhiteElo "2595"]
[BlackElo "2405"]
[Annotator "Hecht,H"]
[PlyCount "156"]
[EventDate "1998.04.28"]
[EventType "swiss"]
[EventRounds "11"]
[EventCountry "GER"]
[SourceTitle "CBM 065"]
[Source "ChessBase"]
[SourceDate "1998.08.06"]
[SourceVersion "1"]
[SourceVersionDate "1998.08.06"]
[SourceQuality "1"]

1. e4 c5 2. Nf3 Nc6 3. d4 cxd4 4. Nxd4 Nf6 5. Nc3 e5 6. Ndb5 d6 7. Bg5 a6 8.
Na3 b5 9. Bxf6 gxf6 10. Nd5 Bg7 11. c3 f5 12. exf5 Bxf5 13. Nc2 Be6 14. g3 O-O
15. Bg2 a5 16. O-O f5 17. Qe2 Rb8 18. Rfd1 Kh8 19. b3 e4 20. Rac1 Qd7 21. Qd2
a4 22. Nce3 Be5 23. bxa4 bxa4 24. f4 exf3 25. Bxf3 Na5 26. Kh1 a3 27. Rb1 Qa7
28. Rb4 Bxd5 29. Nxd5 Rxb4 30. cxb4 Nb3 31. Qh6 Bg7 32. Qh5 Nd4 33. Bg2 Qf7 34.
Qxf7 Rxf7 35. Rd3 Nb5 36. Re3 Be5 37. Bf1 Rb7 38. Kg2 Kg7 39. Bc4 Nc7 40. Rb3
Nb5 41. Ne3 Nd4 42. Rb1 f4 43. gxf4 Bxf4 44. Nd5 Be5 45. b5 Ne6 46. Rb3 Bb2 47.
b6 Nc5 48. Rg3+ Kf8 49. Rf3+ Kg7 50. Rg3+ Kf8 51. Rf3+ Kg7 52. Bb5 Ne6 53. Re3
Kf7 54. Ba6 Rb8 55. Bc4 Nc5 56. Re7+ Kg6 57. Bb5 Bf6 58. Re8 Rxe8 59. Bxe8+ Kf5
60. Bc6 Bd8 61. b7 Na6 62. Ne3+ Ke5 63. Nc4+ Ke6 64. Nxa3 d5 65. Nc2 Nb8 66.
Bb5 Kd6 67. Bd3 Kc7 68. Bxh7 Nc6 69. Ne3 Nb4 70. a3 d4 71. axb4 dxe3 {[#] Once
again, White fails in this ending due to the fact that his bishop doesn't
control the promotion square h8. Black's drawing plan consists in: 1.winning a
b-pawn, and 2.a quick march by the king to h8, while the bishop dies a heroic
death for the other b-pawn. [#] Einmal mehr scheitert Weiß in diesem Endspiel
an der Tatsache, daß sein Läufer nicht das Umwandlungsfeld h8 kontrolliert.
Der schwarze Remisplan sieht 1. die Eroberung eines b-Bauern und 2. den
Eilmarsch des Königs nach h8 vor, während der Läufer den Heldentod gegen den
anderen b-Bauern stirbt.} 72. Be4 (72. Bd3 Kxb7 73. Kf3 Kc6 74. Kg4 Kd6 75. h4
Ke6 {and here too the king reaches the saving corner at h8. auch hier gelangt
der König in die rettende Ecke h8.}) 72... Be7 73. Kf3 (73. b5 Bh4 74. Kf3 (74.
Bf3 e2 75. Bxe2 Kxb7 76. Kf3 Kc7 77. Kg4 Bf2 78. h4 Kd7 79. Kg5 Ke7 80. h5 Kf7
81. h6 Kg8 $11) 74... Bf2 75. Bd3 Kxb7 76. Be2 Be1 77. Kg4 Kc7 78. h4 Kd6 79.
Kg5 Ke7 $11) 73... Bxb4 74. Kxe3 Bd6 75. h4 Kd7 76. h5 Ke7 77. h6 Kf7 78. Bh7
Kf6 {[%cal Rf6g5]} 1/2-1/2

[Event "HUN-ch places"]
[Site "Balatonlelle"]
[Date "2002.06.??"]
[Round "2"]
[White "Medvegy, Zoltan"]
[Black "Horvath, Peter"]
[Result "0-1"]
[WhiteElo "2500"]
[BlackElo "2489"]
[Annotator "Hecht,H"]
[PlyCount "158"]
[EventDate "2002.06.??"]
[EventType "match"]
[EventRounds "5"]
[EventCountry "HUN"]
[SourceTitle "CBM 090"]
[Source "ChessBase"]
[SourceDate "2002.09.20"]
[SourceVersion "1"]
[SourceVersionDate "2002.09.20"]
[SourceQuality "1"]

1. e4 c5 2. Nf3 Nc6 3. d4 cxd4 4. Nxd4 Nf6 5. Nc3 e5 6. Ndb5 d6 7. Bg5 a6 8.
Na3 b5 9. Bxf6 gxf6 10. Nd5 Bg7 11. g3 f5 12. Bg2 fxe4 13. Bxe4 Be6 14. c3 O-O
15. Ne3 Qd7 16. O-O Rad8 17. Bd5 Ne7 18. Bxe6 Qxe6 19. Nac2 d5 20. Re1 d4 21.
cxd4 exd4 22. Ng2 Qd6 23. Qd3 Nc6 24. f4 Qd5 25. b3 a5 26. Rad1 Qc5 27. Nh4 f5
28. Nf3 Rfe8 29. Nh4 Rf8 30. Re6 Nb4 31. Nxb4 axb4 32. Re2 Rc8 33. Nf3 Qd5 34.
Ne5 Rcd8 35. Qf3 Qxf3 36. Nxf3 Rf7 37. Red2 Rfd7 38. Kf2 d3 39. Ne5 Bxe5 40.
fxe5 Rd5 41. e6 Kf8 42. Re1 Ke7 43. Re3 R8d6 44. Kf3 Rd4 45. Re5 R6d5 46. Rxd5
Rxd5 47. Ke3 Kxe6 48. Rxd3 Rc5 49. Rd4 Rc2 50. h4 Rxa2 51. Rxb4 Ra5 52. Kf4 Kf6
53. h5 h6 54. Rd4 Ra3 55. Rd6+ Kg7 56. b4 Rb3 57. Kxf5 Rxb4 58. Rd7+ Kg8 59.
Rb7 Rb1 {[#] Weiß möchte 2-1 Freibauern haben, erreicht dies aber nur unter
Verschlechterung seiner Turmstellung.} 60. Kg6 Kf8 61. Rf7+ {Gute Idee aber
zum falschen Zeitpunkt ausgeführt.} (61. g4 $1 Rg1 62. Rf7+ Ke8 (62... Kg8 63.
Rg7+ Kh8 (63... Kf8 64. Kxh6 b4 65. g5 b3 66. Rb7 Rg3 67. g6 $18) 64. Kxh6 b4
65. g5 $18) 63. Rf4 $18 {[%csl Rh6]} Rc1 64. Kxh6 Rc6+ 65. Kg7 Rc7+ 66. Kg8 Rb7
67. Rf8+ $18) 61... Kg8 62. Rf3 Rc1 63. Kxh6 Rc6+ 64. Kg5 b4 65. Rb3 Rb6 66. g4
Kg7 67. Kh4 Rb5 68. g5 Rb8 69. Kg4 Rb5 70. Kf4 Kf7 {Weiß überzieht alsbald
diese Remisposition und verliert sogar noch.} 71. h6 Kg6 72. Rh3 Rb8 73. Re3 b3
74. Re6+ Kf7 75. Rf6+ $2 Ke7 $2 (75... Kg8 $1 76. Rg6+ Kh8 $19) 76. Ke5 $2 (76.
h7 $1 b2 77. h8=Q Rxh8 78. Rb6 $11) 76... b2 (76... Rb5+ 77. Kf4 b2 78. h7 b1=Q
79. h8=Q Rb4+ {und es wird matt.}) 77. Re6+ Kf7 78. g6+ Kg8 79. Kf6 b1=Q 0-1

[Event "GER-ch 71st"]
[Site "Altenkirchen"]
[Date "1999.11.20"]
[Round "9"]
[White "Paulsen, Dirk"]
[Black "Kaeser, Udo"]
[Result "0-1"]
[WhiteElo "2331"]
[BlackElo "2334"]
[Annotator "Hecht,H"]
[PlyCount "90"]
[EventDate "1999.11.12"]
[EventType "swiss"]
[EventRounds "9"]
[EventCountry "GER"]
[SourceTitle "CBM 074"]
[Source "ChessBase"]
[SourceDate "2000.02.01"]
[SourceVersion "1"]
[SourceVersionDate "2000.02.01"]
[SourceQuality "1"]

1. e4 {Hansen,Cu} c5 2. Nc3 e6 3. Nf3 Nc6 4. d4 cxd4 5. Nxd4 Nf6 6. Ndb5 d6 7.
Bf4 e5 8. Bg5 a6 9. Na3 Be6 10. Nc4 Rc8 11. Be3 Be7 12. Nb6 Rb8 13. Be2 O-O 14.
f3 Nd7 15. Nca4 Nxb6 16. Bxb6 Qd7 17. c3 Bd8 18. O-O Bxb6+ 19. Nxb6 Qc7 20. Nc4
Rfd8 21. Kh1 Ne7 22. Ne3 d5 23. exd5 Nxd5 24. Nxd5 Rxd5 25. Qc2 Rbd8 26. Rad1
g6 27. a3 Bf5 28. Qc1 Bd3 29. Bxd3 Rxd3 30. Rxd3 Rxd3 31. Rd1 Qd6 32. Rxd3 Qxd3
33. Kg1 f5 34. Kf2 Kf7 35. h4 Ke6 36. Qe3 Qxe3+ 37. Kxe3 {[#] Wegen seiner
zentralen Bauernmasse hat Schwarz Raumvorteil, der sich jedoch nicht auswirken
sollte. FRITZ6 erkennt recht bald, dass Weiß nichts zu befürchten hat.} Kd5 38.
Kd3 {[%cal Yc3c4]} b5 {Hansen,Cu: 'Black has a clear plan. He wants to block
whites Q-side majority with a6-a5-a4 and then win the game by using his own
P-majority on the K-side.'} 39. b3 {Hansen,Cu: 'Now if whites a-P would have
been on a2 he might have been able to hold the draw by just waiting - moving
his K back and forth on the third rank. But in the game the white squared
weaknesses still exist even after the textmove'} ({RR} 39. g4 $5) 39... a5 {
Hansen,Cu: 'Black now intends to play a5-a4 and thereby securing the square c4
for his K '} ({RR} 39... h5 $5) 40. g4 (40. c4+ {Hansen,Cu} bxc4+ 41. bxc4+ Kc5
42. Kc3 a4 $1 {It is a good idea to push this potential passed P. Black will
eventually force whites K to the center by creating a passed P on the e-<->
and after Kxc4(-b3xa3) it is nice that the a-P is already on a4.}) 40... h5 41.
g5 $2 {Schwere Fehleinschätzung! Die Bauern mussten reduziert werden, denn an
den Pg6 kommt Weiß nicht heran.} (41. gxh5 $1 gxh5 42. c4+ bxc4+ 43. bxc4+ Kc5
44. Kc3 a4 45. Kd3 e4+ 46. fxe4 fxe4+ 47. Kxe4 Kxc4 48. Ke3 Kb3 49. Kd3 $11 {
RR: Es erhebt sich die Frage, ob Schwarz den Zug verhindern konnte (mit 39...
h5) bzw. Weiß schon einen Zug vorher g2-g4 spielen musste.}) 41... Kc5 (41...
a4 $1 {Hansen,Cu: This was the straight way to victory though the textmove
does not spoil anything.} 42. b4 f4 $1 {White is in (.)} 43. Kd2 e4 44. fxe4+
Kxe4 45. Ke2 f3+ 46. Kf2 Kd3 $19) 42. b4+ (42. c4 bxc4+ 43. bxc4 a4 44. Kc3 e4
45. f4 e3 46. Kd3 e2 47. Kxe2 Kxc4 48. Ke3 Kc3 49. Ke2 Kb3 {[%csl Ra3]} (49...
Kd4 $19 {[%csl Rf4]}) 50. Kd3 Kxa3 51. Kc3 Ka2 52. Kc2 a3 53. Kc1 Kb3 $19)
42... axb4 43. cxb4+ Kd5 44. Kc3 e4 45. f4 e3 (45... e3 46. Kd3 e2 47. Kxe2 Ke4
48. Kd2 Kxf4 49. a4 bxa4 50. b5 Ke5 $19 {sieht Schwarz im Quadrat des b-Bauern.
}) 0-1

[Event "EU-chT (Men) 14th"]
[Site "Plovdiv"]
[Date "2003.10.12"]
[Round "2.1"]
[White "Acs, Peter"]
[Black "Van Wely, Loek"]
[Result "1/2-1/2"]
[WhiteElo "2593"]
[BlackElo "2654"]
[Annotator "Hecht,H"]
[PlyCount "160"]
[EventDate "2003.10.10"]
[EventType "team-swiss"]
[EventRounds "9"]
[EventCountry "BUL"]
[SourceTitle "CBM 098"]
[Source "ChessBase"]
[SourceDate "2004.02.03"]
[SourceVersion "1"]
[SourceVersionDate "2004.02.03"]
[SourceQuality "1"]
[WhiteTeam "Hungary"]
[BlackTeam "Netherlands"]
[WhiteTeamCountry "HUN"]
[BlackTeamCountry "NED"]

1. e4 c5 2. Nf3 Nc6 3. d4 cxd4 4. Nxd4 Nf6 5. Nc3 e5 6. Ndb5 d6 7. Bg5 a6 8.
Na3 b5 9. Bxf6 gxf6 10. Nd5 f5 11. Bd3 Be6 12. Qh5 Rg8 13. g3 Nd4 14. c3 fxe4
15. Bxe4 Bg4 16. Qxh7 Rg7 17. Qh6 Nf3+ 18. Ke2 Ng5+ 19. f3 Nxe4 20. fxg4 Qc8
21. Qe3 Qxg4+ 22. Qf3 Qxf3+ 23. Kxf3 f5 24. Nc2 Kf7 25. Nce3 Nf6 26. a4 Nxd5
27. Nxd5 Ke6 28. Rhd1 Raa7 29. Nb4 Rgc7 30. axb5 axb5 31. Rxa7 Rxa7 32. h3 Bh6
33. g4 e4+ 34. Kg2 f4 35. Rd4 f3+ 36. Kg3 d5 37. Nxd5 Rf7 38. Nc7+ Ke7 39.
Rxe4+ Kd7 40. Kf2 Kxc7 41. Re5 Kd6 42. Rf5 Rxf5 43. gxf5 Ke5 44. Kxf3 Kxf5 {
Läufer vs zwei Bauern mit Gewinnchancen für Schwarz wegen der aktiven
Königsstellung} 45. h4 Ke5 46. Ke2 Ke4 47. h5 Bg5 48. b3 Be3 49. Kf1 ({
Kritisch ist, aber gerade noch gut zu gehen scheint} 49. Kd1 $6 Kd3 50. c4 b4
51. Ke1 Kc3 (51... Bd4 $144 52. h6 Kc3 53. Ke2 Kxb3 54. Kd3) 52. Ke2 Bd4 53. h6
Kxb3 54. Kd3 Bc3 55. c5 Ka2 56. c6 b3 57. c7 b2 58. c8=Q b1=Q+ $11) 49... Kd3
50. c4 b4 51. Kg2 Kd4 52. Kf3 Bh6 {Die Lavierphase beginnt.....} 53. Kg2 Ke4
54. Kf2 Bf4 55. Kg2 Ke3 56. Kh3 Ke4 57. Kg4 Ke5 58. Kf3 Bh6 59. Kg4 Ke4 60. Kg3
Kf5 61. Kf3 Bc1 62. Kg3 Ke4 63. Kg2 Bf4 64. Kh3 Kf5 65. Kg2 Kg4 {...und endet,
ohne dass der weiße König entscheidend abgedrängt werden konnte.} 66. c5 Kxh5
67. Kf3 Kg5 68. Ke4 Bg3 69. Kd5 Kf6 70. c6 Ke7 71. Kc5 Be1 72. Kb6 Kd8 73. c7+
{Der c-Bauer ist nicht ohne Verlust des Bb4 zu erobern.} (73. Kb5 $144 Kc7 74.
Kc5 $11) 73... Kc8 74. Kc6 Bh4 75. Kc5 Be7+ 76. Kc6 Bf8 77. Kb6 Bd6 78. Kc6
Bxc7 79. Kc5 $1 Ba5 80. Kb5 {...was zu beweisen war} Bc7 1/2-1/2